000 00763nam a2200241Ia 4500
003 OSt
005 20220923225347.0
006 a|||||r|||| 00| 0
007 ta
008 220922b |||||||| |||| 00| 0 hin d
024 _a264,092
037 _cTextual
040 _aARTS
_cARTS
_bhin
041 _2hin
_ahin
082 _aP15,10A3:28x1,1, 152K9
100 _aशास्त्री, शिवनारायण
_9156299
245 0 _aनिरूक्त - मीमांसा
246 _aNirūkta - mīmāansā
260 _c1969
650 _aसंस्कृत साहित्य
942 _hP15,10A3:28x1,1, 152K9
_cTEXL
_2CC
999 _c377771
_d377771